000 00671nam a22002537a 4500
003 UA-OsUOA
001 45674
007 ta
008 20070504b un ||||| |||| 00| 0 ukr d
100 _aРичков П.А.
700 _aЛуц В.Д.
090 _a726,9(09)(477)
_bР56
942 _cBK
040 _aUA-OsUOA
_bukr
_cUA-OsUOA
_dUA-OsUOA
245 _aСакральне мистецтво Володимира - Волинського
300 _a192 с.
955 _a2
041 _aukr
080 _a726,9(09)(477)
020 _a966-575-077-1
260 _aК.
_bТехніка
_c2004
650 7 _a72 Архітектура
_2UDC
999 _c331771
_d331771